000 00674nam a2200217 a 4500
999 _c11072
_d11072
001 11072
003 BD-JhCC
005 20190728112127.0
008 190628b 2016bg |||| ||a| 001 0 ben d
020 _a9789845233576
035 _a(BD-JhCC)11072
040 _aBD-JhCC
_dBD-JhCC
041 _aben
082 _a082
_bBAN 2016
245 _aবাণী চিরন্তনী /
_cসম্পাদনায় : আবদুস সালাম
260 _aঢাকা:
_bমাতৃভূমি প্রকাশনী;
_c২০১৬.
300 _a৩৮৪ পৃঃ . :
_c২২ সেমি.
650 _aQuotation
942 _2ddc
_cBK